Riadenie polohy portálového žeriavu s využitím online metód tvarovania

Gespeichert in:
Bibliographische Detailangaben
1. Verfasser: Rusnák, Stanislav (Verfasst von)
Weitere Verfasser: Hubinský, Peter, 1962- (Betreuung Doktorarbeit)
Format: Manuskript Buch
Sprache:Slowakisch
Veröffentlicht: Bratislava : STU v Bratislave FEI, 2006
Schlagworte:
Tags: Tag hinzufügen
Keine Tags, Fügen Sie das erste Tag hinzu!

MARC

LEADER 00000ntm a22000003a 4500
001 stu137926
005 20160719165023.6
008 070215s2006------------------------slo-d
040 |a STU  |b slo 
041 0 |a slo 
100 1 |a Rusnák, Stanislav  |4 aut 
245 1 |a Riadenie polohy portálového žeriavu s využitím online metód tvarovania 
260 |a Bratislava :  |b STU v Bratislave FEI,  |c 2006 
300 |a 90 s 
650 7 |a automatizácia  |2 stusub 
650 7 |a robotika  |2 stusub 
650 7 |a portálový žeriav  |2 stusub 
700 1 |a Hubinský, Peter,  |d 1962-  |4 ths  |u E011  |U FEI Fakulta elektrotechniky a informatiky  |T FEI Ústav robotiky a kybernetiky  |X 4940  |U E011  |Y 356  |7 A000004940